The efficiency of pre-recorded teaching in Bachelor of Science in Office Administration program of Camarines Sur Polytechnic Colleges / (Record no. 13140)
[ view plain ]
| 000 -LEADER | |
|---|---|
| fixed length control field | 01159nam a22002897a 4500 |
| 003 - CONTROL NUMBER IDENTIFIER | |
| control field | CSPC |
| 005 - DATE AND TIME OF LATEST TRANSACTION | |
| control field | 20240627154156.0 |
| 008 - FIXED-LENGTH DATA ELEMENTS--GENERAL INFORMATION | |
| fixed length control field | 230308t xxu||||| |||| 00| 0 eng d |
| 040 ## - CATALOGING SOURCE | |
| Transcribing agency | CSPC |
| 090 ## - LOCALLY ASSIGNED LC-TYPE CALL NUMBER (OCLC); LOCAL CALL NUMBER (RLIN) | |
| Classification number (OCLC) (R) ; Classification number, CALL (RLIN) (NR) | UTH BSOA J492e 2022 |
| 100 1# - MAIN ENTRY--PERSONAL NAME | |
| Personal name | Julianes, Jenre Jem O., |
| Relator term | author |
| 245 14 - TITLE STATEMENT | |
| Title | The efficiency of pre-recorded teaching in Bachelor of Science in Office Administration program of Camarines Sur Polytechnic Colleges / |
| Statement of responsibility, etc. | Jenre Jem O. Juliane, Stephani Ashley F. Maomay and KC P. Tabagan. |
| 260 ## - PUBLICATION, DISTRIBUTION, ETC. | |
| Place of publication, distribution, etc. | Nabua, Camarines Sur : |
| Name of publisher, distributor, etc. | Camarines Sur Polytechnic Colleges, |
| Date of publication, distribution, etc. | 2022. |
| 300 ## - PHYSICAL DESCRIPTION | |
| Extent | 79 leaves |
| 336 ## - CONTENT TYPE | |
| Source | rdacontent |
| Content type term | text |
| 337 ## - MEDIA TYPE | |
| Source | rdamedia |
| Media type term | unmediated |
| 338 ## - CARRIER TYPE | |
| Source | rdacarrier |
| Carrier type term | volume |
| 502 ## - DISSERTATION NOTE | |
| Dissertation note | Undergraduate Thesis (BSOA) - Office Administration. |
| Name of granting institution | Camarines Sur Polytechnic Colleges, 2022. |
| 504 ## - BIBLIOGRAPHY, ETC. NOTE | |
| Bibliography, etc. note | Includes bibliographical references. |
| 700 1# - ADDED ENTRY--PERSONAL NAME | |
| Personal name | Maomay, Stephani Ashley F., |
| Relator term | author |
| 700 1# - ADDED ENTRY--PERSONAL NAME | |
| Personal name | Tabagan, KC P., |
| Relator term | author |
| 720 ## - ADDED ENTRY--UNCONTROLLED NAME | |
| Name | Maomay, Stephani Ashley F., |
| Relator term | Author |
| 720 ## - ADDED ENTRY--UNCONTROLLED NAME | |
| Name | Tabagan, KC P., |
| Relator term | Author |
| 940 ## - EQUIVALENCE OR CROSS-REFERENCE--UNIFORM TITLE [OBSOLETE] [CAN/MARC only] | |
| Uniform title | <a href="marc">marc</a> |
| 942 ## - ADDED ENTRY ELEMENTS (KOHA) | |
| Source of classification or shelving scheme | Dewey Decimal Classification |
| Koha item type | Unpublished Materials |
| Classification part | J942e |
| Item part | BSOA |
| Call number prefix | UTH |
| Call number suffix | 2022 |
| Withdrawn status | Lost status | Source of classification or shelving scheme | Damaged status | Not for loan | Home library | Current library | Shelving location | Date acquired | Total Checkouts | Full call number | Barcode | Date last seen | Copy number | Price effective from | Koha item type |
|---|---|---|---|---|---|---|---|---|---|---|---|---|---|---|---|
| Dewey Decimal Classification | Main Library | Main Library | Undergraduate Thesis Section | 05/12/2023 | UTH BSOA J942e 2022 | 005891UM | 05/12/2023 | 1-1 | 05/12/2023 | Unpublished Materials |